书目信息 |
| 题名: |
口腔医师应试指导 上
|
|
| 作者: | 于永利 编著 | |
| 分册: | ||
| 出版信息: | 北京 中国协和医科大学出版社 2007.01 |
|
| 页数: | 776页 | |
| 开本: | 20cm | |
| 丛书名: | ||
| 单 册: | ||
| 中图分类: | R78-62 | |
| 科图分类: | ||
| 主题词: | 口腔科学 | |
| 电子资源: | ||
| ISBN: | 978-7-81072-853-9 | |
| 000 | 00621nam0 2200205 450 | |
| 001 | 0836565053 | |
| 005 | 20081224101945.71 | |
| 010 | @a978-7-81072-853-9@dCNY63.00 | |
| 100 | @a20081224d2007 km y0chiy0120 ea | |
| 101 | 0 | @achi |
| 102 | @aCN@b110000 | |
| 200 | 1 | @a口腔医师应试指导 上@Akou qiang yi shi ying shi zhi dao shang@f于永利等编著@Fyu yong li deng bian zhu |
| 210 | @a北京@c中国协和医科大学出版社@d2007.01 | |
| 215 | @a776页@d20cm | |
| 300 | @a国家执业医师资格考试 | |
| 606 | 0 | @a口腔科学 |
| 690 | @aR78-62@v4 | |
| 701 | 0 | @a于永利@Ayu yong li@4编著 |
| 801 | 0 | @aCN@bNISOFT@c20081224 |
| 905 | @aBZT@dR78-62@e4-1 | |
| 口腔医师应试指导 上/于永利等编著.-北京:中国协和医科大学出版社,2007.01 |
| 776页;20cm |
| 国家执业医师资格考试 |
| ISBN 978-7-81072-853-9:CNY63.00 |
| ● |
| 相关链接 |
|
|
|
正题名:口腔医师应试指导 上
索取号:R78-62/4-1
 
预约/预借
| 序号 | 登录号 | 条形码 | 馆藏地/架位号 | 状态 | 备注 |
| 1 | 693692 | 2000693692 | 样本书库/样003架B面3层2列/ [索取号:R78-62/4-1] | 在馆 | |
| 2 | 693693 | 2000693693 | 中心书库中库/ 中库014架B面5列5层20/ [索取号:R78-62/4-1] | 在馆 | |
| 3 | 693694 | 2000693694 | 中心书库中库/ 中库014架B面5列5层19/ [索取号:R78-62/4-1] | 在馆 | |
| 4 | 693695 | 2000693695 | 中心书库中库/ 中库014架B面5列5层3/ [索取号:R78-62/4-1] | 在馆 | |
| 5 | 693696 | 2000693696 | 中心书库中库/ 中库014架B面5列5层4/ [索取号:R78-62/4-1] | 在馆 |